• 首页
  • 本馆介绍
  • 公告通知
  • 最新文献
  • 馆藏检索
  • 电子资源
  • 读者导购
  • 参考咨询
  • 我的图书馆
  • 登录
  • 详细信息显示
  • 放入我的书架
  • 预约/预借图书
  • 作者相关作品
  • 分类相关作品
  • 丛书相关作品
  • 出版社相关作品

书目信息

  • 表格格式
  • 工作单格式
  • 卡片格式
题名:
ASP. NET手机网络设计教程
    
 
作者: 房晓溪 编著
分册:  
出版信息: 北京   中国水利水电出版社  2008
页数: 267页
开本: 26cm
丛书名: 动漫游戏设计丛书
单 册:
中图分类: TN929.53 , TP393.092
科图分类:
主题词: 移动电话机--互联网络--程序设计--教材 , 移动电话机 , 互联网络 , 程序设计
电子资源:
ISBN: 978-7-5084-5786-4
000 01035oam2 2200325 450
001 100428490337
005 20110225082159.67
010    @a978-7-5084-5786-4@dCNY30.00
035    @a003923642
100    @a20080926d2008 em y0chiy0110 ea
101 0  @achi
102    @aCN@b110000
105    @aa z 000yy
106    @ar
200 1  @aASP. NET手机网络设计教程@9ASP. NET shou ji wang luo she ji jiao cheng@f房晓溪编著
210    @a北京@c中国水利水电出版社@d2008
215    @a267页@c图@d26cm
225 2  @a动漫游戏设计丛书
330    @a本书详细介绍了. NET如何进行移动Web开发,主要介绍了在支持Windows Mobile平台的移动智能设备、手机等平台上如何进行各种Web应用开发。
461  0 @12001 @a动漫游戏设计丛书
606 0  @a移动电话机@x互联网络@x程序设计@j教材
606 0  @a移动电话机
606 0  @a互联网络
606 0  @a程序设计
610 0  @aASP
690    @aTN929.53@v4
690    @aTP393.092@v4
701  0 @a房晓溪@9fang xiao xi@4编著
801  0 @aCN@bNLC@c20110225
905    @b205990720-775@h599072-77@dTN929.53@e64@f6
    
    ASP. NET手机网络设计教程/房晓溪编著.-北京:中国水利水电出版社,2008
    267页:图;26cm.-(动漫游戏设计丛书)
    
    
    ISBN 978-7-5084-5786-4:CNY30.00
    本书详细介绍了. NET如何进行移动Web开发,主要介绍了在支持Windows Mobile平台的移动智能设备、手机等平台上如何进行各种Web应用开发。
●
相关链接 在E读中查询图书 在五车中查询图书 在当当中查询图书 在豆瓣中查询图书


正题名:ASP. NET手机网络设计教程     索取号:TN929.53/64         预约/预借

序号 登录号 条形码 馆藏地/架位号 状态 备注
1 599072   205990720   第二样本阅览室/ [索取号:TN929.53/64] 在馆    
2 599073   205990739   第三借阅区/ [索取号:TN929.53/64] 在馆    
3 599074   205990748   第三借阅区/ [索取号:TN929.53/64] 在馆    
4 599075   205990757   第三借阅区/ [索取号:TN929.53/64] 在馆    
5 599076   205990766   第三借阅区/ [索取号:TN929.53/64] 在馆    
6 599077   205990775   计算机科学系资料室/ [索取号:TN929.53/64] 在馆    
唐山师范学院图书馆 欢迎您!
大连网信软件有限公司© 版权所有